00581nam a2200133Ia 450000500170000000800410001702000150005808200130007310000170008624500200010326000520012330000130017550002590018820241015035724.0240331s9999 xx 000 0 und d a9559515101 bWIJa820 aWijenaike, P 4aThe way of life aNugegodabDeepani Printers and Publishersc1987 a111 p ., aA Way of Life consists of brief sketches drawn from memory, a woman's recollections of her childhood and adolescence, set in a home of the upper middle class society in the city of Colombo through the years- the nineteen thirties to the nineteen fifties.